Ser sujeto a pesar de todo /

Este artículo presenta un análisis de caso realizado en una investigación sobre los procesos de desinserción social, en el marco del Laboratorio de Cambio Social. Se trataba de comprender mejor la articulación entre las condiciones objetivas y las condiciones subjetivas en los procesos de exclusión....

Full description

Bibliographic Details
Main Author: Gaulejac, Vincent de 1946
Format: Analitica de revista
Language:Spanish
Published: Santiago, Chile SUR 2002
Subjects:

MARC

LEADER 00000cab a2200000 a 4500
001 037937
003 UAHC_CL
005 20171125130928.0
008 140120s2002 cl 000 spa
952 |0 0  |1 0  |4 0  |6 PROPOSICIONES_34_02_000000000000000  |7 0  |8 COMP  |9 71953  |a BC  |b BC  |c COMP  |d 2017-08-03  |l 0  |o PROPOSICIONES-34/02  |r 2017-08-03 00:00:00  |t 1  |w 2017-08-03  |y REVA 
999 |c 37937  |d 37937 
040 |a UAHC_CL  |c UAHC_CL  |d UAHC_CL 
100 1 |a Gaulejac, Vincent de  |d 1946 
245 1 0 |a Ser sujeto a pesar de todo /  |c Vincent de Gaulejac. 
260 |b SUR  |c 2002  |a Santiago, Chile 
300 |a pp. 172-178 
310 |a Anual. 
362 0 |a Año 1, no. 1 (nov. 2002)- . 
362 0 |a Año 1, no. 1 (nov. 2002)- . 
500 |a En: Proposiciones. no. 34, 2002. pp. 172-178. ISSN. 956208051X. 
520 |a Este artículo presenta un análisis de caso realizado en una investigación sobre los procesos de desinserción social, en el marco del Laboratorio de Cambio Social. Se trataba de comprender mejor la articulación entre las condiciones objetivas y las condiciones subjetivas en los procesos de exclusión. En particular, se buscaba conocer las determinaciones sociales y las reacciones de los sujetos afectados en las dinámicas de inserción (cf. De Gaulejac y Taboada Leonetti 1994). 
650 4 |a CAPITAL SOCIAL (SOCIOLOGIA) 
650 4 |a PSICOLOGIA SOCIAL 
900 |a PROPOSICIONES-34/02 
942 |c REVA  |2 ddc